Should adult and continuing education professionals be certified? (Record no. 74022)

MARC details
000 -CABECERA
campo de control de longitud fija 00648nam a2200229 a 4500
005 - FECHA Y HORA DE LA ÚLTIMA TRANSACCIÓN
campo de control 20210219153328.0
008 - ELEMENTOS DE LONGITUD FIJA--INFORMACIÓN GENERAL
campo de control de longitud fija 991125n 000 0 u
035 ## - NÚMERO DE CONTROL DEL SISTEMA
Número de control de sistema UPN01000091541
100 1# - ASIENTO PRINCIPAL--NOMBRE PERSONAL
Nombre de persona James, Wayne Blue
222 ## - TÍTULO CLAVE
Título clave NEW DIRECTIONS FOR ADULT AND CONTINUING EDUCATION
245 ## - MENCIÓN DE TÍTULO
Título Should adult and continuing education professionals be certified?
300 ## - DESCRIPCIÓN FÍSICA
Extensión 123-138
362 0# - FECHAS DE PUBLICACIÓN Y/O DESIGNACIÓN SECUENCIAL
Fecha de publicación y/o designación secuencial 1992 No. 54
653 0# - TERMINO DE INDIZACION - NO CONTROLADO
Término no controlado CERTIFICACION DOCENTE
653 0# - TERMINO DE INDIZACION - NO CONTROLADO
Término no controlado EDUCADOR DE ADULTOS
700 1# - ASIENTO SECUNDARIO--NOMBRE DE PERSONAL
Nombre de persona Galbraith, Michael W.,
700 1# - ASIENTO SECUNDARIO--NOMBRE DE PERSONAL
Término indicativo de función/relación coaut.
700 1# - ASIENTO SECUNDARIO--NOMBRE DE PERSONAL
Nombre de persona White, Barbara A.,
700 1# - ASIENTO SECUNDARIO--NOMBRE DE PERSONAL
Término indicativo de función/relación coaut.
904 ## - ELEMENTOS DE DATOS D LOCAL, LDD (RLIN)
a AC
b 029352
905 ## - TIPO DE MATERIAL
Tipo de material Articulo

No items available.